Návrh na teoreticko-metodologické riešenie kvality života generácie seniorov teoreticko-metodologické úvahy

Na minha lista:
Detalhes bibliográficos
Autor principal: Antalová, Mária, 1952-
Formato: Capítulo de Livro
Idioma:eslovaco
Tags: Adicionar Tag
Sem tags, seja o primeiro a adicionar uma tag!

MARC

LEADER 00000naa$a2200000$$$4500
001 0110728
005 20240502072226.5
041 0 |a slo 
044 |a SK 
245 1 0 |a Návrh na teoreticko-metodologické riešenie kvality života generácie seniorov  |b teoreticko-metodologické úvahy  |c Mária Antalová 
100 1 |a Antalová, Mária, 1952-